000 01263nam a22001817a 4500
008 251124b |||||||| |||| 00| 0 eng d
020 _a9781496443694
040 _ctbs
041 _aeng
110 _aCrossway Bibles
_926579
_eauthor
245 _aThe one year Bible
_b: English standard version : containing the Old and New Testaments.
260 _aCarol Stream, IL :
_bTyndale House Publishers,
_c2001.
300 _a1 volume (unpaged) ;
_c21 cm.
520 _aThe One Year Bible makes reading through the entire Bible achievable with daily readings from the Old Testament, New Testament, Psalms, and Proverbs. This edition of The One Year Bible divides the entire text of the English Standard Version into 365 sections, guiding readers through the full Bible in one unforgettable year—in as little as 15 minutes a day. Easily Meet Your Goal to Read Through the Entire Bible in One Year The One Year Bible helps people read through the entire Bible in one year, giving them daily portions of Scripture in an easy-to-read format, helping those who have never read the Bible through or those who like to read the entire Bible yearly achieve their goal.
650 0 _aBible
_xDevotional use
_926580
650 0 _aDevotional calendars
_923148
942 _2lcc
999 _c5198
_d5198